000 00748nam a2200301Ia 4500
001 6278
005 20240113233911.0
007 ta
008 050625s1992 a g b000 u eng u
020 _a81-224-0002-7
040 _aCotton College,Assam
041 _aeng
082 _a537
_bCh 457 Ne
100 _aChoudhury, D. Roy.
245 0 _aNetworks And Systems /
_cD. Roy Choudhury.
_hTextual Documents
250 _a1st ed. /
260 _aNew Delhi :
_bWiley Eastern ,
_c1992.
300 _axi, 926p. :
_bill. ;
_c24cm .
504 _aIndex
653 _aPhysics
653 _aNetworks
653 _aPG-Physics
653 _aG-Physics
942 _2ddc
_cBK
999 _c6265
_d6265